• 首页
  • 本馆介绍
  • 公告通知
  • 最新文献
  • 馆藏检索
  • 电子资源
  • 读者导购
  • 参考咨询
  • 我的图书馆
  • 登录
  • 详细信息显示
  • 放入我的书架
  • 预约/预借图书
  • 作者相关作品
  • 分类相关作品
  • 丛书相关作品
  • 出版社相关作品

书目信息

  • 表格格式
  • 工作单格式
  • 卡片格式
题名:
建设法规与案例分析
    
 
作者: 王照雯,张建隽主编
分册:  
出版信息: 大连   大连理工大学出版社  2018
页数: 255页
开本: 26cm
丛书名:
单 册:
中图分类: D922.297.5
科图分类:
主题词: 建筑法--案例--中国--高等职业教育--教材
电子资源:
ISBN: 978-7-5685-1436-1
000 01191nam0 2200253 450
001 0104593499
005 20180926103526.0
010    @a978-7-5685-1436-1@dCNY45.80
100    @a20180926d2018 em y0chiy0120 ea
101 0  @achi
102    @aCN@b210000
105    @ay z 000yy
106    @ar
200 1  @a建设法规与案例分析@9Jian She Fa Gui Yu An Li Fen Xi @f王照雯,张建隽主编@b专著
205    @a3版
210    @a大连@c大连理工大学出版社@d2018
215    @a255页@d26cm
300    @a“十二五”职业教育国家规划教材 微课版 新世纪高职高专建筑工程技术类课程规划教材
304    @a新世纪高职高专教材编审委员会组编
330    @a本书结合最新立法、司法动态,力求全面系统地反映工程建设涉及的有关法律法规。从建设工程法律基本知识、工程建设程序、建筑许可、城乡规划、工程招投标、建设工程合同、工程勘察设计、工程建设标准、建设工程监理、工程安全生产管理、工程建设环境保护、建设工程质量管理、工程验收与保修、土地管理、市政建设、房地产管理、建筑装饰装修、建设工程造价、建设工程纠纷以及劳动、消防和税收等方面进行了全面的较为系统的阐述。
606 0  @a建筑法@x案例@y中国@x高等职业教育@j教材
690    @aD922.297.5@v5
801  0 @aCN@bAZmarc@c20230905
905    @aBZT@dD922.297.5@e2@f1@sD922.297.5/2
    
    建设法规与案例分析/王照雯,张建隽主编.-3版.-大连:大连理工大学出版社,2018
    255页;26cm
    “十二五”职业教育国家规划教材 微课版 新世纪高职高专建筑工程技术类课程规划教材
    
    ISBN 978-7-5685-1436-1:CNY45.80
    本书结合最新立法、司法动态,力求全面系统地反映工程建设涉及的有关法律法规。从建设工程法律基本知识、工程建设程序、建筑许可、城乡规划、工程招投标、建设工程合同、工程勘察设计、工程建设标准、建设工程监理、工程安全生产管理、工程建设环境保护、建设工程质量管理、工程验收与保修、土地管理、市政建设、房地产管理、建筑装饰装修、建设工程造价、建设工程纠纷以及劳动、消防和税收等方面进行了全面的较为系统的阐述。
●
相关链接 在五车中查询图书 在当当中查询图书 在豆瓣中查询图书


正题名:建设法规与案例分析     索取号:D922.297.5/2         预约/预借

序号 登录号 条形码 馆藏地/架位号 状态 备注
1 2000026922   2000026922   旧书回溯/ [索取号:D922.297.5/2] 在馆    
山东省滨州职业学院图书馆 欢迎您!
大连网信软件有限公司© 版权所有